01023nam a22002057a 4500001000500000005001700005020001800022040002900040050001500069082001000084100001900094245013800113250003500251260003400286300004600320505000700366520041000373521001700783521001700800255720241127153433.0 a9780545258395 aFISKHbengcFISKHdFISKH aPE1112.T47 a428.2 aTerban, Marvin aScholastic pocket guide to grammar /ca compendium of every rule you could ever possibly need ; by Marvin Terban as Professor Grammar aFirst printing, September 2010 aNew York :bScholastic,c2010 a123 pages :bcolor illustrations ;c16 cm aT  aThe ultimate resource for proper grammar. The Scholastic Guide to Grammar is an easy-to-use, color-coded, tabbed guide packed full of information, examples, and tips for English language arts success. Write a paper, meet new people, apply for a job, and more, with perfect grammar, spelling, and punctuation. Join "Professor Grammar" on this guided journey through the intricacies of the English language. a850 bLexile aT bRaz-Plus